ბათუმის შოთა რუსთაველის სახელმწიფო უნივერსიტეტის ბიბლიოთეკა

Теоретические основы действия янтарной кислоты на растения (ბიბ.ჩანაწერი № 46428)

000 -LEADER
fixed length control field 00723nam a2200217Ia 4500
001 - CONTROL NUMBER
control field 13266
003 - CONTROL NUMBER IDENTIFIER
control field GE_BSU
008 - FIXED-LENGTH DATA ELEMENTS--GENERAL INFORMATION
fixed length control field 181216s||||||||xx |||||||||||||| ||und||
040 ## - CATALOGING SOURCE
Transcribing agency GE_BSU
080 ## - UNIVERSAL DECIMAL CLASSIFICATION NUMBER
Universal Decimal Classification number 547.461:577
100 ## - MAIN ENTRY--PERSONAL NAME
Personal name Благовещенский,А.В.
245 ## - TITLE STATEMENT
Title Теоретические основы действия янтарной кислоты на растения
245 ## - TITLE STATEMENT
Statement of responsibility, etc. Отв.ред.Н.В.Цицин
260 ## - PUBLICATION, DISTRIBUTION, ETC.
Place of publication, distribution, etc. Москва
260 ## - PUBLICATION, DISTRIBUTION, ETC.
Name of publisher, distributor, etc. Наука
260 ## - PUBLICATION, DISTRIBUTION, ETC.
Date of publication, distribution, etc. 1968
300 ## - PHYSICAL DESCRIPTION
Extent 118стр.20см.
300 ## - PHYSICAL DESCRIPTION
Dimensions Библиогр.с.113-117
653 ## - INDEX TERM--UNCONTROLLED
Uncontrolled term Теоретические основы действия янтарной кислоты на растения
942 ## - ADDED ENTRY ELEMENTS (KOHA)
Koha item type წიგნი
ეგზემპლარები
Withdrawn status Lost status Damaged status Not for loan Date acquired Barcode Date last seen Price effective from Koha item type
        2018-12-17 20905 2018-12-17 2018-12-17 წიგნი